000 00812nam a2200253Ia 4500
003 OSt
005 20220918163430.0
006 a|||||r|||| 00| 0
007 ta
008 220917b |||||||| |||| 00| 0 eng d
020 _a0 7486 1588 1 (hbk)
_c4300.19
024 _a243,503
037 _b4001, 07/07/2010, Bharat Scientific Syndicate
_cTextual
040 _aARTS
_cARTS
_beng
041 _2eng
_aeng
082 _aO111:g, P5
100 _aPieters Jurgen
_913124
245 0 _aSpeaking with the dead
_bExplorations in literature and history
260 _aEdinburgh
_bEdinburgh University Press
_c2005
300 _a154p
_ccm.
650 _aENGLISH LITERATURE
942 _hO111:g, P5
_cTEXL
_2CC
999 _c119572
_d119572